[Event "SVR-op 36th"]
[Site "Idar Oberstein"]
[Date "2013.03.30"]
[Round "7"]
[White "Ewert, Kenny"]
[Black "Schaefer, Rainer"]
[Result "0-1"]
[WhiteElo "1174"]
[BlackElo "1677"]
[PlyCount "88"]
[EventDate "2013.03.23"]
[EventType "swiss"]
[EventRounds "7"]
[EventCountry "GER"]
[SourceTitle "EXT 2014"]
[Source "ChessBase"]
[SourceDate "2013.11.20"]
[SourceVersion "1"]
[SourceVersionDate "2013.11.20"]
[SourceQuality "1"]

1. e4 c6 2. d4 d5 3. e5 Bf5 4. Bd3 Bxd3 5. Qxd3 e6 6. Nf3 c5 7. c3 c4 8. Qe2 a5 9. Bg5 Ne7 10. Nbd2 a4 11. a3 Nbc6 12. 0-0 Qb6 13. Rab1 h6 14. Bf4 g5 15. Bg3 Na5 16. Rfe1 Nb3 17. Nxb3 Qxb3 18. Nd2 Qc2 19. Nxc4 Qxe2 20. Nd6+ Kd7 21. Rxe2 Nf5 22. Nxf5 exf5 23. f4 b5 24. Rf1 g4 25. Bh4 h5 26. Rfe1 Re8 27. Bf6 Rh7 28. Kf2 h4 29. Ke3 Re6 30. Kd3 Rc6 31. Kc2 Ke6 32. Kb1 h3 33. gxh3 Rxh3 34. Rg1 Rf3 35. Bg5 Bxa3 36. bxa3 Rcxc3 37. Rc1 Rxc1+ 38. Kxc1 Rxa3 39. Rb2 Rh3 40. Kd1 a3 41. Ra2 b4 42. Rd2 b3 43. Kc1 Rc3+ 44. Kb1 a2+ 0-1

[Event "SVR-op 36th"]
[Site "Idar Oberstein"]
[Date "2013.03.28"]
[Round "4"]
[White "Schaefer, Rainer"]
[Black "Ley, Sabrina"]
[Result "0-1"]
[WhiteElo "1677"]
[BlackElo "1336"]
[PlyCount "96"]
[EventDate "2013.03.23"]
[EventType "swiss"]
[EventRounds "7"]
[EventCountry "GER"]
[SourceTitle "EXT 2014"]
[Source "ChessBase"]
[SourceDate "2013.11.20"]
[SourceVersion "1"]
[SourceVersionDate "2013.11.20"]
[SourceQuality "1"]

1. e4 e6 2. Bb5 c6 3. Ba4 Nf6 4. d3 Be7 5. f4 0-0 6. Nf3 Qb6 7. c3 d5 8. e5 Ne8 9. d4 c5 10. 0-0 Bd7 11. Bc2 Nc6 12. Qd3 g6 13. h4 Ng7 14. b3 cxd4 15. Kh2 dxc3 16. Nxc3 Nb4 17. Qd2 Nxc2 18. Qxc2 Rac8 19. Qb2 Qa6 20. Bd2 Bb4 21. Nxd5 Ba3 22. Nf6+ Kh8 23. Qd4 Bb5 24. Rfe1 Rfd8 25. Ng5 Nf5 26. Qxd8+ Rxd8 27. Nxf7+ Kg7 28. Nxd8 Be7 29. Nxe6+ Qxe6 30. h5 Nd4 31. Rac1 Bc6 32. h6+ Kf7 33. Nxh7 Qg4 34. Rxc6 bxc6 35. Ng5+ Kg8 36. h7+ Kg7 37. e6 Bxg5 38. h8Q+ Kxh8 39. e7 Bxe7 40. Rxe7 Qh4+ 41. Kg1 Qxe7 42. Bc3 Qe3+ 43. Kh2 Qxc3 44. g3 Qd2+ 45. Kh3 Nf5 46. Kg4 Qe3 47. Kg5 Kg7 48. g4 Qe7# 0-1

[Event "SVR-op 36th"]
[Site "Idar Oberstein"]
[Date "2013.03.28"]
[Round "5"]
[White "Schaefer, Rainer"]
[Black "Weber, Daniel"]
[Result "1-0"]
[WhiteElo "1677"]
[BlackElo "1134"]
[PlyCount "105"]
[EventDate "2013.03.23"]
[EventType "swiss"]
[EventRounds "7"]
[EventCountry "GER"]
[SourceTitle "EXT 2014"]
[Source "ChessBase"]
[SourceDate "2013.11.20"]
[SourceVersion "1"]
[SourceVersionDate "2013.11.20"]
[SourceQuality "1"]

1. e4 e5 2. Bb5 Nf6 3. d3 Be7 4. f4 c6 5. Ba4 d6 6. Nf3 Bg4 7. fxe5 dxe5 8. c3 0-0 9. 0-0 Nbd7 10. h3 Bxf3 11. Qxf3 Nc5 12. Bc2 Qb6 13. Kh2 Ne6 14. Nd2 Ng5 15. Qg3 Nd7 16. Nc4 Qd8 17. Bxg5 Bxg5 18. Nxe5 Nxe5 19. Qxe5 Be7 20. Qf5 Bd6+ 21. e5 Bc7 22. d4 g6 23. Qf3 Qe7 24. Kh1 Bb6 25. Rae1 Kg7 26. Qf6+ Qxf6 27. Rxf6 Bd8 28. Rf3 f6 29. Ref1 Be7 30. e6 Rfe8 31. Bb3 Rad8 32. Rd1 a6 33. a4 a5 34. c4 Bd6 35. d5 c5 36. Bc2 b6 37. b3 Rb8 38. g4 h6 39. Rdf1 Rf8 40. h4 Be7 41. Kg2 Rh8 42. g5 f5 43. Bxf5 gxf5 44. Rxf5 Rbe8 45. gxh6+ Rxh6 46. h5 Rf6 47. Kh3 Rxf5 48. Rxf5 Rf8 49. Kg4 Rxf5 50. Kxf5 Bd6 51. h6+ Kxh6 52. Kf6 Bf8 53. e7 1-0

[Event "Rheinland Pfalz op 3rd"]
[Site "Gau Algesheim"]
[Date "2011.07.29"]
[Round "2"]
[White "Baier, Philip"]
[Black "Schaefer, Rainer"]
[Result "1-0"]
[WhiteElo "1764"]
[BlackElo "1310"]
[PlyCount "77"]
[EventDate "2011.07.28"]
[EventType "swiss"]
[EventRounds "7"]
[EventCountry "GER"]
[SourceTitle "EXT 2013"]
[Source "ChessBase"]
[SourceDate "2012.11.22"]
[SourceVersion "1"]
[SourceVersionDate "2012.11.22"]
[SourceQuality "1"]

1. e4 c6 2. Nc3 d5 3. Nf3 b5 4. exd5 b4 5. Ne4 cxd5 6. Ng3 a6 7. c3 bxc3 8. dxc3 Bg4 9. Be2 Bxf3 10. Bxf3 e6 11. c4 Bb4+ 12. Bd2 Bxd2+ 13. Qxd2 Nf6 14. Rd1 0-0 15. 0-0 Ra7 16. cxd5 Nxd5 17. Ne4 Rd7 18. Nc5 Rc7 19. b4 Qe7 20. Bxd5 Rd8 21. Nxe6 Qxe6 22. Bxe6 Rxd2 23. Rxd2 fxe6 24. Rd8+ Kf7 25. Rxb8 Rc2 26. Ra1 Rc6 27. b5 axb5 28. Rxb5 Ra6 29. a4 Ra7 30. a5 Ke8 31. a6 Kd8 32. Rb7 Ra8 33. a7 Kc8 34. Rab1 Rxa7 35. Rxa7 g5 36. Rxh7 e5 37. Rb6 e4 38. Rg6 e3 39. Rg8# 1-0

[Event "Rheinland Pfalz op 3rd"]
[Site "Gau Algesheim"]
[Date "2011.07.28"]
[Round "1"]
[White "Schaefer, Rainer"]
[Black "Wagner, Stefan1"]
[Result "0-1"]
[WhiteElo "1310"]
[BlackElo "1934"]
[PlyCount "54"]
[EventDate "2011.07.28"]
[EventType "swiss"]
[EventRounds "7"]
[EventCountry "GER"]
[SourceTitle "EXT 2013"]
[Source "ChessBase"]
[SourceDate "2012.11.22"]
[SourceVersion "1"]
[SourceVersionDate "2012.11.22"]
[SourceQuality "1"]

1. e4 e5 2. Bb5 c6 3. Ba4 Nf6 4. d3 Bc5 5. c3 0-0 6. d4 exd4 7. e5 dxc3 8. exf6 Qxf6 9. Qc2 Re8+ 10. Kf1 b5 11. Bb3 b4 12. Nf3 Ba6+ 13. Kg1 Re2 14. Bxf7+ Qxf7 15. Qxh7+ Kxh7 16. Ng5+ Kg8 17. h4 Bxf2+ 18. Kh2 Bg3+ 19. Kh3 Qf5+ 20. Kxg3 Qf2+ 21. Kg4 Qxg2+ 22. Kh5 Qxh1 23. Nxc3 bxc3 24. bxc3 g6+ 25. Kxg6 Qxh4 26. Ba3 Bd3+ 27. Kf6 Re6# 0-1